| 000 | 00000nam##2200000za#4500 |
| 001 | 9.680497 |
| 003 | CaOODSP |
| 005 | 20240209132635 |
| 007 | ta |
| 008 | 150407|1997||||xxc||||| f|0| 0 fre|d |
| 020 | |a0-662-83026-1 |
| 040 | |aCaOODSP|bfre |
| 043 | |an-cn--- |
| 086 | 1 |aC89-39/1997F |
| 110 | 2 |aAgence de promotion économique du Canada atlantique. |
| 245 | 10|aPerspectives d'avenir pour les entreprises fondées sur la biotechnologie au Canada atlantique / |cPréparé par Biron Consulting Associates. |
| 260 | |aMoncton - Nouveau-Brunswick : |bAgence de promotion économique du Canada atlantique |c1997. |
| 300 | |a50p. : |bfigures, références, tableaux ; |c28 cm. |
| 500 | |aPréparé pour le Conseil de l'Atlantique sur la compétitivité des agro-produits et l'Agence de promotion économique du Canada atlantique. «La présent étude sur la biotechnologie traite des trois questions suivantes: 1. Les tendances actuelles des activités de R et D du secteur privé. [...] 2. Le rôle actuel et futur du gouvernement en tant qu'organisme de réglementation, et en tant qu'intermédiaire et facilitateur pour le secteur de la biotechnologie au Canada atlantique. [...] 3. La façon la plus efficace de concentrer l'action en vue d'augmenter la création d'entreprises fondées sur la biotechnologie au Canada atlantique."--Page 8. |
| 520 | 3 |aLa présent étude sur la biotechnologie traite des trois questions suivantes: 1. Les tendances actuelles des activités de R et D du secteur privé. [...] 2. Le rôle actuel et futur du gouvernement en tant qu'organisme de réglementation, et en tant qu'intermédiaire et facilitateur pour le secteur de la biotechnologie au Canada atlantique. [...] 3. La façon la plus efficace de concentrer l'action en vue d'augmenter la création d'entreprises fondées sur la biotechnologie au Canada atlantique.--Page 8 |
| 563 | |aReliure à anneaux |
| 590 | |a98-33|b1998-08-14 |
| 691 | 07|aBiotechnologie|2gcpds |
| 775 | 08|tOpportunities for biotechnology-based business in Atlantic Canada / |w(CaOODSP)9.647017 |
| 776 | 0#|tPerspectives d'avenir pour les entreprises fondées sur la biotechnologie au Canada atlantique / |w(CaOODSP)9.639357 |